000
00269nam a22001217a 4500
041
_a
ENG
100
_a
Framji.K.K
245
_a
Irrigation and Drainage in The World
260
_a
New Delhi
_b
I C I D
_c
1969
300
_a
1344
650
_a
IDE ( 05 )
856
_u
IDE ( 05 )
999
_c
2785
_d
2785